skbl

Dr Suryya Kumar Bhuyan Library Web-OPAC
ডঃ সূৰ্য্য
কুমাৰ ভূঞা পুথিভঁৰাল ৱেব-অ'পেক

All Research Scholars are advised to clear the annual library fees to continue using Library Resources, Remote Access, Plagiarism Test and Library Clearance.

Cotton University Book Fair 2026

Index: To the annual reports of the Director General of Archaeology in India 1919 to 1929 and Part I - Annual reports 1902 to 1918 / (Record no. 2264)

MARC details
000 -LEADER
fixed length control field 00722nam a2200229Ia 4500
001 - CONTROL NUMBER
control field 2271
005 - DATE AND TIME OF LATEST TRANSACTION
control field 20240113233534.0
007 - PHYSICAL DESCRIPTION FIXED FIELD--GENERAL INFORMATION
fixed length control field ta
008 - FIXED-LENGTH DATA ELEMENTS--GENERAL INFORMATION
fixed length control field 050223s1940 a g b000 u eng u
040 ## - CATALOGING SOURCE
Original cataloging agency Ref. stack
041 ## - LANGUAGE CODE
Language code of text/sound track or separate title eng
082 ## - DEWEY DECIMAL CLASSIFICATION NUMBER
Classification number 930.1
Item number Ha 224 In
100 ## - MAIN ENTRY--PERSONAL NAME
Personal name Hargreaves, H .
245 #0 - TITLE STATEMENT
Title Index: To the annual reports of the Director General of Archaeology in India 1919 to 1929 and Part I - Annual reports 1902 to 1918 /
Statement of responsibility, etc. H. Hargreaves.
Medium Reports
250 ## - EDITION STATEMENT
Edition statement 1st ed /
260 ## - PUBLICATION, DISTRIBUTION, ETC.
Place of publication, distribution, etc. Delhi :
Name of publisher, distributor, etc. Manager of publications ,
Date of publication, distribution, etc. 1940.
300 ## - PHYSICAL DESCRIPTION
Extent 240p. :
Other physical details ill ;
Dimensions 32cm .
653 ## - INDEX TERM--UNCONTROLLED
Uncontrolled term Report - index - Director General of archaeology - India
942 ## - ADDED ENTRY ELEMENTS (KOHA)
Source of classification or shelving scheme Dewey Decimal Classification
Koha item type Books
Holdings
Withdrawn status Lost status Damaged status Not for loan Collection Home library Current library Date acquired Coded location qualifier Total checkouts Full call number Barcode Date last seen Copy number Price effective from Koha item type
          Dr. Suryya Kumar Bhuyan Library Dr. Suryya Kumar Bhuyan Library 01/02/2012 00000   930.1 Ha 224 In 149/RR 13/01/2024 1 01/02/2012 Books

Designed and Maintained by Team SKBL
©1901-2026

Powered by Koha